[Event "4NCL Division 2b"]
[Site "Daventry, ENG"]
[Date "2020.01.12"]
[Round "4.85"]
[White "White, Stuart A"]
[Black "Hamer, Martyn"]
[Result "1/2-1/2"]
[WhiteElo "2106"]
[BlackElo "2140"]
[PlyCount "81"]
[EventDate "2020.01.12"]
[WhiteTeam "Alba"]
[BlackTeam "Manchester Manticores 1"]

1. d4 Nf6 2. c4 g6 3. Nc3 Bg7 4. e4 d6 5. Nf3 O-O 6. Be2 e5 7. d5 a5 8. Bg5 h6
9. Bh4 Qe8 10. Nd2 Na6 11. O-O Bd7 12. b3 Nh7 13. a3 h5 14. f3 Bh6 15. Rb1 Be3+
16. Kh1 g5 17. Bf2 Bxf2 18. Rxf2 h4 19. b4 axb4 20. axb4 Nf6 21. c5 dxc5 22.
Bxa6 Rxa6 23. bxc5 Qe7 24. Nb3 g4 25. Rd2 Rd8 26. d6 cxd6 27. cxd6 Qf8 28. Nc5
Rc6 29. Nd5 Nxd5 30. Rxd5 b6 31. Nxd7 Rxd7 32. Rxe5 Rdxd6 33. Rg5+ Rg6 34.
Rxg6+ Rxg6 35. fxg4 Qe7 36. Qf3 Re6 37. Re1 b5 38. Qf4 Re5 39. Qe3 b4 40. h3
Kg7 41. Kg1 1/2-1/2

[Event "4NCL Division 2b"]
[Site "Daventry, ENG"]
[Date "2020.01.12"]
[Round "4.86"]
[White "Webster, Richard J"]
[Black "Grassie, Duncan"]
[Result "1/2-1/2"]
[WhiteElo "2035"]
[BlackElo "2079"]
[PlyCount "71"]
[EventDate "2020.01.12"]
[WhiteTeam "Manchester Manticores 1"]
[BlackTeam "Alba"]

1. d4 Nf6 2. c4 g6 3. Nc3 d5 4. cxd5 Nxd5 5. e4 Nxc3 6. bxc3 Bg7 7. Bc4 c5 8.
Ne2 Nc6 9. Be3 O-O 10. O-O cxd4 11. cxd4 Bg4 12. f3 Na5 13. Bxf7+ Rxf7 14. fxg4
Rxf1+ 15. Kxf1 Nc4 16. Bf2 b5 17. Kg1 e6 18. h3 Qd6 19. Qc2 Rf8 20. Rd1 Bh6 21.
Rd3 Qa6 22. Bg3 Ne3 23. Qb3 Rf1+ 24. Kh2 Nc4 25. Nc3 b4 26. Qxb4 Nd2 27. Qb5
Qxb5 28. Nxb5 Rb1 29. Nc3 Ra1 30. h4 Nf1+ 31. Kh1 Bd2 32. d5 Ne3+ 33. Kh2 Nf1+
34. Kh3 Ne3 35. Kh2 Nf1+ 36. Kh3 1/2-1/2

[Event "4NCL Division 2b"]
[Site "Daventry, ENG"]
[Date "2020.01.12"]
[Round "4.87"]
[White "Sanger, Jake M"]
[Black "Newton, Robert A"]
[Result "1-0"]
[WhiteElo "1937"]
[BlackElo "1997"]
[PlyCount "95"]
[EventDate "2020.01.12"]
[WhiteTeam "Alba"]
[BlackTeam "Manchester Manticores 1"]

1. d4 c5 2. d5 g6 3. e4 Bg7 4. Nf3 a6 5. a4 d6 6. Nc3 Bg4 7. Be2 Nd7 8. O-O
Ngf6 9. h3 Bxf3 10. Bxf3 Rb8 11. Be2 O-O 12. f4 Ne8 13. Re1 e6 14. dxe6 fxe6
15. Bc4 Qf6 16. e5 Nxe5 17. fxe5 Qf2+ 18. Kh1 d5 19. Nxd5 exd5 20. Be3 Qg3 21.
Qxd5+ Kh8 22. Bxc5 Nc7 23. Qd3 Qxd3 24. cxd3 Rfe8 25. Bd6 Rbc8 26. Bf7 Red8 27.
Rac1 Ne8 28. Bxe8 Rxe8 29. d4 Kg8 30. Rf1 b5 31. axb5 axb5 32. Rc5 h5 33. Kg1
Bh6 34. Kf2 h4 35. Ke2 Bg5 36. Kd3 Ra8 37. Rxb5 Kg7 38. Rb7+ Kh6 39. Rff7 Bd8
40. Bf8+ Kg5 41. Ke4 Rc8 42. Rbd7 Bb6 43. Be7+ Rxe7 44. Rfxe7 Rc2 45. Rd6 Bxd4
46. Kxd4 Rxg2 47. Rg7 Rxb2 48. Rdxg6+ 1-0

[Event "4NCL Division 2b"]
[Site "Daventry, ENG"]
[Date "2020.01.12"]
[Round "4.88"]
[White "Mulleady, Peter J"]
[Black "Roy, Ali"]
[Result "1-0"]
[WhiteElo "2020"]
[BlackElo "1871"]
[PlyCount "83"]
[EventDate "2020.01.12"]
[WhiteTeam "Manchester Manticores 1"]
[BlackTeam "Alba"]

1. e4 e6 2. d4 d5 3. e5 c5 4. c3 Nc6 5. Nf3 Nge7 6. a3 cxd4 7. cxd4 Nf5 8. b4
Qb6 9. Bb2 Be7 10. Bd3 O-O 11. O-O Bd7 12. Bxf5 exf5 13. Nc3 Be6 14. Qd2 Rac8
15. Rfd1 Nb8 16. Ne1 Nd7 17. Nc2 Qc7 18. Ne3 Nb6 19. f4 g5 20. g3 f6 21. Rac1
Qd7 22. Ne2 h5 23. exf6 Bxf6 24. fxg5 Bxg5 25. Nf4 Kf7 26. Rf1 Rxc1 27. Bxc1
Bxf4 28. Rxf4 Nc4 29. Qe2 Kg6 30. Ng2 Rh8 31. Rh4 Kf6 32. Rxh5 Rxh5 33. Qxh5
Qg7 34. Qh4+ Kf7 35. Qf4 Qg4 36. h4 Qd1+ 37. Kh2 Qc2 38. Qc7+ Kg6 39. Qe7 Qe2
40. Qe8+ Kh7 41. Bf4 Nb6 42. Be5 1-0

[Event "4NCL Division 2b"]
[Site "Daventry, ENG"]
[Date "2020.02.08"]
[Round "5.51"]
[White "Brozel, Sacha"]
[Black "Mihov, Filip"]
[Result "1/2-1/2"]
[WhiteElo "2357"]
[BlackElo "2213"]
[PlyCount "75"]
[EventDate "2020.02.08"]
[WhiteTeam "Barnet Knights 1"]
[BlackTeam "Oxford 1"]

1. c4 b6 2. Nc3 Bb7 3. e4 e6 4. g3 c5 5. Bg2 d6 6. Nge2 Nf6 7. O-O Qc7 8. d3
Nbd7 9. f4 Be7 10. h3 h5 11. Be3 a6 12. Qd2 Bc6 13. d4 cxd4 14. Nxd4 Bb7 15. b4
Rc8 16. Rac1 Qb8 17. b5 Rxc4 18. Nc6 Bxc6 19. bxc6 Nc5 20. e5 dxe5 21. fxe5
Qxe5 22. Bf4 Qd4+ 23. Qxd4 Rxd4 24. c7 O-O 25. Rfd1 Rxf4 26. gxf4 Rc8 27. Na4
Rxc7 28. Nxb6 g6 29. Rc4 a5 30. Kf2 Na6 31. Rxc7 Nxc7 32. Nc4 Ncd5 33. f5 gxf5
34. Rb1 a4 35. Rb8+ Kg7 36. Rb7 Kf8 37. Rb8+ Kg7 38. Rb7 1/2-1/2

[Event "4NCL Division 2b"]
[Site "Daventry, ENG"]
[Date "2020.02.08"]
[Round "5.52"]
[White "Rose, Matthew"]
[Black "Rocco, Federico"]
[Result "1-0"]
[WhiteElo "2248"]
[BlackElo "2275"]
[PlyCount "59"]
[EventDate "2020.02.08"]
[WhiteTeam "Oxford 1"]
[BlackTeam "Barnet Knights 1"]

1. e4 c5 2. Nf3 d6 3. d4 cxd4 4. Qxd4 Nc6 5. Bb5 Qa5+ 6. Nc3 Qxb5 7. Nxb5 Nxd4
8. Nfxd4 Kd7 9. a4 g6 10. Be3 Bh6 11. Bxh6 Nxh6 12. O-O-O b6 13. e5 Ng4 14.
exd6 e5 15. Rhe1 a6 16. Nc7 Rb8 17. Nf3 f6 18. Nd5 Ke6 19. h3 Nh6 20. Nc7+ Kf7
21. g4 Bb7 22. Nxe5+ fxe5 23. Rxe5 Rhf8 24. Re7+ Kg8 25. d7 Nf7 26. Ne6 Rfd8
27. Nxd8 Rxd8 28. Re8+ Kg7 29. Rxd8 Nxd8 30. Re1 1-0

[Event "4NCL Division 2b"]
[Site "Daventry, ENG"]
[Date "2020.02.08"]
[Round "5.53"]
[White "Smith, Andrew Philip"]
[Black "Hansen, Hans-Peter"]
[Result "1/2-1/2"]
[WhiteElo "2260"]
[BlackElo "2148"]
[PlyCount "24"]
[EventDate "2020.02.08"]
[WhiteTeam "Barnet Knights 1"]
[BlackTeam "Oxford 1"]

1. e4 c5 2. b3 d6 3. Bb2 Nf6 4. Nc3 g6 5. f4 Nc6 6. Qf3 Bg7 7. h3 Nd4 8. Qd3
O-O 9. O-O-O d5 10. g4 Nxe4 11. Nxe4 dxe4 12. Qxe4 Bd7 1/2-1/2

[Event "4NCL Division 2b"]
[Site "Daventry, ENG"]
[Date "2020.02.08"]
[Round "5.54"]
[White "Manley, Jon P"]
[Black "Villiers, Thomas"]
[Result "1/2-1/2"]
[WhiteElo "2175"]
[BlackElo "2252"]
[PlyCount "34"]
[EventDate "2020.02.08"]
[WhiteTeam "Oxford 1"]
[BlackTeam "Barnet Knights 1"]

1. e4 c6 2. d4 d6 3. Nc3 Nf6 4. Nf3 Bg4 5. Be2 Nbd7 6. O-O e5 7. a4 Be7 8. Be3
O-O 9. a5 Qc7 10. d5 a6 11. Nd2 Bxe2 12. Qxe2 cxd5 13. exd5 Ne8 14. Rfc1 f5 15.
f3 Nef6 16. Nc4 Rac8 17. b3 Qd8 1/2-1/2

[Event "4NCL Division 2b"]
[Site "Daventry, ENG"]
[Date "2020.02.08"]
[Round "5.55"]
[White "Ethelontis, Alexandros N"]
[Black "McKenna, Jason P"]
[Result "0-1"]
[WhiteElo "2155"]
[BlackElo "2092"]
[PlyCount "70"]
[EventDate "2020.02.08"]
[WhiteTeam "Barnet Knights 1"]
[BlackTeam "Oxford 1"]

1. c4 g6 2. g3 Bg7 3. Bg2 c5 4. Nc3 Nc6 5. a3 d6 6. Rb1 a5 7. Nf3 e5 8. O-O
Nge7 9. d3 O-O 10. Ne1 Be6 11. Nc2 d5 12. cxd5 Nxd5 13. Ne3 Nde7 14. Bd2 Rb8
15. Ne4 b6 16. Nc4 h6 17. a4 Nd5 18. Ned6 Qd7 19. Bc3 Rfd8 20. Qd2 Nd4 21. e3
Nc6 22. Qe2 Ndb4 23. Rfd1 Qe7 24. Nb5 Rxd3 25. Rxd3 Bxc4 26. Be4 Bxd3 27. Bxd3
Nxd3 28. Qxd3 Rd8 29. Qc4 h5 30. h4 Qd7 31. Re1 Qf5 32. Nc7 e4 33. Qb5 Bxc3 34.
bxc3 Ne5 35. Rf1 Qh3 0-1

[Event "4NCL Division 2b"]
[Site "Daventry, ENG"]
[Date "2020.02.08"]
[Round "5.56"]
[White "Nataraj, Nakul"]
[Black "Pollack, Oscar"]
[Result "1-0"]
[WhiteElo "2095"]
[BlackElo "2207"]
[PlyCount "61"]
[EventDate "2020.02.08"]
[WhiteTeam "Oxford 1"]
[BlackTeam "Barnet Knights 1"]

1. e4 e6 2. d4 d5 3. e5 Bd7 4. Nf3 c5 5. c3 Qb6 6. a3 Bb5 7. Bxb5+ Qxb5 8. b4
cxd4 9. cxd4 Nc6 10. Bb2 Nge7 11. Nc3 Qb6 12. O-O Nf5 13. Na4 Qd8 14. Rc1 Be7
15. Nc5 Qb6 16. Qa4 O-O 17. Nd7 Qd8 18. Nxf8 Bxf8 19. Qb5 Qd7 20. Qd3 a6 21.
Rc2 Bxb4 22. Rxc6 Qxc6 23. axb4 Rc8 24. g4 Ne7 25. Rc1 Qd7 26. Rxc8+ Nxc8 27.
Ng5 g6 28. Qh3 h5 29. gxh5 Qe7 30. Bc1 Qxb4 31. hxg6 1-0

[Event "4NCL Division 2b"]
[Site "Daventry, ENG"]
[Date "2020.02.08"]
[Round "5.57"]
[White "Willmoth, Robert F"]
[Black "Fu, Yuting"]
[Result "1-0"]
[WhiteElo "2207"]
[BlackElo "1982"]
[PlyCount "125"]
[EventDate "2020.02.08"]
[WhiteTeam "Barnet Knights 1"]
[BlackTeam "Oxford 1"]

1. d4 d5 2. Nf3 Nf6 3. e3 c6 4. Nbd2 Bf5 5. Be2 e6 6. Ne5 Ne4 7. O-O Nd7 8. f4
Be7 9. Nb3 Nxe5 10. dxe5 Bg6 11. Nd4 Qd7 12. c4 dxc4 13. Bxc4 Bc5 14. f5 Bxf5
15. Nxf5 Qxd1 16. Nxg7+ Ke7 17. Rxd1 Rhg8 18. Nh5 Rg5 19. Nf6 Rxe5 20. Nxe4
Rxe4 21. Bd3 Rd8 22. Bxe4 Rxd1+ 23. Kf2 f5 24. Bf3 Rh1 25. Ke2 e5 26. e4 f4 27.
b3 Rxh2 28. Bb2 Bd6 29. Rc1 Rh6 30. Bg4 Kd8 31. Rd1 Kc7 32. Bc3 b6 33. Rd3 Rg6
34. Bh3 Rg5 35. Be1 c5 36. Bf2 Kc6 37. Kf3 Rg6 38. Rd1 Rh6 39. Bf5 b5 40. Rc1
a5 41. a4 Be7 42. g3 fxg3 43. Bxg3 Bd6 44. Rd1 bxa4 45. bxa4 c4 46. Rc1 Kc5 47.
Kg4 Bc7 48. Kg5 Rc6 49. Bxh7 Kd4 50. Kf5 c3 51. Bg8 c2 52. Bb3 Rc3 53. Rxc2
Rf3+ 54. Kg4 Rxb3 55. Rxc7 Kxe4 56. Rc5 Kd4 57. Rxa5 e4 58. Ra8 e3 59. a5 Kd3
60. a6 Ke2 61. a7 Ra3 62. Bf4 Ra4 63. Kg3 1-0

[Event "4NCL Division 2b"]
[Site "Daventry, ENG"]
[Date "2020.02.08"]
[Round "5.58"]
[White "Dickinson, Tim R"]
[Black "Eden, Tomer"]
[Result "1/2-1/2"]
[WhiteElo "2053"]
[BlackElo "2170"]
[PlyCount "113"]
[EventDate "2020.02.08"]
[WhiteTeam "Oxford 1"]
[BlackTeam "Barnet Knights 1"]

1. d4 d5 2. Nf3 Nf6 3. Bg5 c5 4. c3 Nc6 5. e3 Qb6 6. Qb3 c4 7. Qxb6 axb6 8.
Nbd2 b5 9. Ne5 b4 10. e4 e6 11. Nxc6 bxc6 12. e5 Nd7 13. Be2 bxc3 14. bxc3 Ra3
15. Kd1 c5 16. Kc2 cxd4 17. cxd4 Nb8 18. Nb1 Ra7 19. Be3 Bd7 20. Nc3 Be7 21.
Rhb1 O-O 22. Rb2 Nc6 23. Rab1 Rc8 24. f4 f6 25. Bg4 fxe5 26. fxe5 Nd8 27. Bf3
Ra5 28. Rb8 Rxb8 29. Rxb8 Kf7 30. Rb6 Nc6 31. Rb7 Ra7 32. Rxa7 Nxa7 33. Bg4 h6
34. Kb2 Ke8 35. Ne2 Nb5 36. g3 Ba3+ 37. Kc2 Nc7 38. Bc1 Ba4+ 39. Kc3 Nb5+ 40.
Kd2 Bb4+ 41. Ke3 Nc7 42. Bd2 Bxd2+ 43. Kxd2 Ke7 44. Nf4 Bd7 45. Bd1 Be8 46. a4
Na6 47. Kc3 g5 48. Ng2 Kd8 49. h4 Kc7 50. hxg5 hxg5 51. Bg4 Kb6 52. Bxe6 Nc7
53. Bg8 Bxa4 54. Ne3 Bc6 55. Kb4 Na6+ 56. Kc3 Nc7 57. Kb4 1/2-1/2

[Event "4NCL Division 2b"]
[Site "Daventry, ENG"]
[Date "2020.02.08"]
[Round "5.61"]
[White "Gourlay, Iain"]
[Black "Merriman, John"]
[Result "1-0"]
[WhiteElo "2341"]
[BlackElo "2222"]
[PlyCount "85"]
[EventDate "2020.02.08"]
[WhiteTeam "Alba"]
[BlackTeam "KJCA Kings"]

1. c4 e6 2. g3 Nf6 3. Bg2 d5 4. Nf3 Be7 5. O-O O-O 6. b3 b6 7. Bb2 Bb7 8. e3
Nbd7 9. Nc3 Re8 10. Qe2 dxc4 11. bxc4 e5 12. d4 exd4 13. exd4 Ba3 14. Qc2 Bxb2
15. Qxb2 c5 16. d5 Ba6 17. Qb3 Ne4 18. Nxe4 Rxe4 19. Rac1 Rb8 20. Rfe1 Rxe1+
21. Rxe1 b5 22. Qa3 Qb6 23. Rb1 Qg6 24. Nd2 b4 25. Qa4 Rd8 26. Re1 Kf8 27. Qb3
Qh6 28. Re3 Nb8 29. Bf1 Qb6 30. Qc2 Kg8 31. Re7 Nd7 32. Qf5 Nf6 33. Ne4 Bc8 34.
Qe5 Kf8 35. Ng5 Kg8 36. Nxf7 Rf8 37. Nd6 Bg4 38. h3 Bh5 39. Nf5 Bf7 40. d6 b3
41. axb3 Qxb3 42. Nh6+ gxh6 43. Qxf6 1-0

[Event "4NCL Division 2b"]
[Site "Daventry, ENG"]
[Date "2020.02.08"]
[Round "5.62"]
[White "Hand, Freddie"]
[Black "McKay, Roderick M"]
[Result "1/2-1/2"]
[WhiteElo "2184"]
[BlackElo "2264"]
[PlyCount "91"]
[EventDate "2020.02.08"]
[WhiteTeam "KJCA Kings"]
[BlackTeam "Alba"]

1. d4 d6 2. e4 Nf6 3. f3 c5 4. dxc5 Qa5+ 5. Nc3 Qxc5 6. Qd3 a6 7. Be3 Qa5 8.
Nge2 Nbd7 9. Nd4 Nc5 10. Qd2 e5 11. Nb3 Nxb3 12. cxb3 Be6 13. Bc4 b5 14. Bxe6
fxe6 15. O-O Rd8 16. Qf2 Rb8 17. Qg3 Kf7 18. a3 b4 19. axb4 Qxb4 20. Rxa6 Be7
21. f4 exf4 22. Bxf4 Ra8 23. Rxa8 Rxa8 24. e5 dxe5 25. Bxe5 Qxb3 26. Ne4 Qxg3
27. Nxg3 Kg6 28. Bxf6 Bxf6 29. b3 Bd4+ 30. Kh1 Rb8 31. Rb1 Rb4 32. Ne2 Be5 33.
g3 Kf5 34. Kg2 Ke4 35. Ng1 Bf6 36. Nf3 e5 37. Re1+ Kd5 38. Rd1+ Ke6 39. Rb1 e4
40. Nd2 Kd5 41. Kf2 Kd4 42. Ke2 Bg5 43. h4 Bxd2 44. Kxd2 e3+ 45. Ke2 Ke4 46.
Rf1 1/2-1/2

[Event "4NCL Division 2b"]
[Site "Daventry, ENG"]
[Date "2020.02.08"]
[Round "5.63"]
[White "Berry, Neil"]
[Black "Bansal, Rohan"]
[Result "1-0"]
[WhiteElo "2269"]
[BlackElo "2011"]
[PlyCount "119"]
[EventDate "2020.02.08"]
[WhiteTeam "Alba"]
[BlackTeam "KJCA Kings"]

1. d4 d5 2. c4 e6 3. Nf3 Nf6 4. g3 dxc4 5. Bg2 a6 6. Ne5 c5 7. Na3 Qxd4 8. Qxd4
cxd4 9. Naxc4 Nbd7 10. Nd3 Nd5 11. Bd2 Be7 12. O-O O-O 13. Rac1 N7f6 14. Nf4
Bd7 15. Nxd5 exd5 16. Nb6 Rad8 17. Nxd7 Nxd7 18. Bxd5 Ne5 19. Be4 b5 20. Ba5
Rc8 21. b3 Ba3 22. Rc7 Rxc7 23. Bxc7 f6 24. Rd1 Rc8 25. Bb6 Bb2 26. Bxd4 Rd8
27. e3 f5 28. Bb7 Rd7 29. Bxa6 Nf3+ 30. Kg2 Nxd4 31. Bxb5 Rd6 32. exd4 Rxd4 33.
Bd3 g6 34. Kf3 Kf8 35. Ke2 Ba3 36. Rd2 f4 37. Rc2 Kg7 38. Rc7+ Kf6 39. Rxh7 f3+
40. Kd2 Bb4+ 41. Kc2 Be1 42. Rh6 Rg4 43. h3 Rg5 44. Rh4 Ra5 45. Rf4+ Kg7 46. a4
Rc5+ 47. Kd1 Bxf2 48. Rxf3 Rc3 49. Kd2 Bd4 50. Rf4 Be5 51. Re4 Bf6 52. b4 Ra3
53. a5 Bg5+ 54. Kc2 Bf6 55. a6 Rc3+ 56. Kd2 Ra3 57. b5 Ra2+ 58. Ke3 Bg5+ 59.
Kd4 Bf6+ 60. Kc5 1-0

[Event "4NCL Division 2b"]
[Site "Daventry, ENG"]
[Date "2020.02.08"]
[Round "5.64"]
[White "Yoon, Jacob D"]
[Black "Findlay, David John"]
[Result "1/2-1/2"]
[WhiteElo "2091"]
[BlackElo "2169"]
[PlyCount "40"]
[EventDate "2020.02.08"]
[WhiteTeam "KJCA Kings"]
[BlackTeam "Alba"]

1. e4 e5 2. Nf3 d6 3. d4 exd4 4. Nxd4 g6 5. Nc3 Bg7 6. Be3 Nf6 7. Qd2 O-O 8.
O-O-O Re8 9. f3 Nc6 10. g4 a6 11. Be2 Bd7 12. h4 b5 13. a3 Rb8 14. h5 b4 15.
axb4 Rxb4 16. hxg6 fxg6 17. Na2 Ra4 18. Nc3 Rb4 19. Na2 Ra4 20. Nc3 Rb4 1/2-1/2

[Event "4NCL Division 2b"]
[Site "Daventry, ENG"]
[Date "2020.02.08"]
[Round "5.65"]
[White "Shafi, Declan"]
[Black "Golding, James"]
[Result "1/2-1/2"]
[WhiteElo "2151"]
[BlackElo "2075"]
[PlyCount "120"]
[EventDate "2020.02.08"]
[WhiteTeam "Alba"]
[BlackTeam "KJCA Kings"]

1. d4 d5 2. c4 c6 3. Nf3 Nf6 4. e3 a6 5. Ne5 e6 6. Bd3 Bd6 7. O-O O-O 8. b3 c5
9. Bb2 Nc6 10. cxd5 exd5 11. Nxc6 bxc6 12. h3 Re8 13. dxc5 Bxc5 14. Qc2 Qd6 15.
Rc1 Nd7 16. Bxh7+ Kh8 17. Bf5 Bb4 18. Qxc6 Qxc6 19. Rxc6 Nc5 20. Bxc8 Raxc8 21.
Rxc8 Rxc8 22. Nc3 Nd3 23. Nxd5 Be1 24. Bd4 Bxf2+ 25. Kh2 Rc2 26. Rd1 Ne1 27.
Bc3 Nxg2 28. Kxg2 Be1+ 29. Kf3 Bxc3 30. Nxc3 Rxc3 31. Rd5 Kg8 32. Ke4 Kf8 33.
Ra5 Rc6 34. Kd5 Rh6 35. e4 Ke7 36. e5 Kd7 37. Ra4 Rb6 38. Ra5 f6 39. Rc5 fxe5
40. Kxe5 Rh6 41. Rc3 Rh5+ 42. Kf4 Rh6 43. Kf5 Rf6+ 44. Ke5 Re6+ 45. Kf5 Rf6+
46. Kg5 Rb6 47. Rc4 Rd6 48. h4 Ke7 49. Rc7+ Kf8 50. Ra7 Rf6 51. b4 Kg8 52. Rb7
Kh7 53. h5 Rd6 54. Rf7 Rd2 55. a4 Rd4 56. Rf4 Rd5+ 57. Kg4 Kh6 58. Rc4 Kh7 59.
Re4 Kg8 60. a5 Rb5 1/2-1/2

[Event "4NCL Division 2b"]
[Site "Daventry, ENG"]
[Date "2020.02.08"]
[Round "5.66"]
[White "Young, Daniel J"]
[Black "White, Stuart A"]
[Result "1/2-1/2"]
[WhiteElo "1947"]
[BlackElo "2106"]
[PlyCount "106"]
[EventDate "2020.02.08"]
[WhiteTeam "KJCA Kings"]
[BlackTeam "Alba"]

1. c4 e6 2. g3 d5 3. Bg2 Nf6 4. Nf3 d4 5. e3 Nc6 6. exd4 Nxd4 7. Nxd4 Qxd4 8.
Qe2 e5 9. O-O Bg4 10. Qe3 Qxe3 11. fxe3 c6 12. b3 Bd6 13. Bb2 O-O 14. Nc3 Rfe8
15. h3 Bh5 16. g4 Bg6 17. Rf2 Rad8 18. g5 Nd7 19. Ne4 Be7 20. h4 h6 21. Raf1
hxg5 22. Nxg5 Bxg5 23. hxg5 Nc5 24. Bc3 Nd3 25. Rf3 b5 26. Ba5 Rd7 27. Rg3 e4
28. Bh3 Rb7 29. cxb5 cxb5 30. Bc3 Rc7 31. a3 Rc5 32. Bg2 Rc6 33. Bh3 Ra6 34.
Bd7 Rb8 35. a4 bxa4 36. bxa4 Rab6 37. Bd4 Rb1 38. Bb5 Rxf1+ 39. Kxf1 Rb7 40.
Rh3 Rc7 41. Ke2 Rc1 42. Bxd3 exd3+ 43. Kf2 Rc4 44. Bxa7 Rxa4 45. Bd4 Ra5 46.
Rg3 Bh5 47. e4 Be2 48. Ke3 Kh7 49. Rg1 Kg6 50. Rg3 Rb5 51. Rg1 Rb8 52. Rh1 Re8
53. Kf4 Rc8 1/2-1/2

[Event "4NCL Division 2b"]
[Site "Daventry, ENG"]
[Date "2020.02.08"]
[Round "5.67"]
[White "Grassie, Duncan"]
[Black "Merriman, James"]
[Result "1-0"]
[WhiteElo "2079"]
[BlackElo "1885"]
[PlyCount "59"]
[EventDate "2020.02.08"]
[WhiteTeam "Alba"]
[BlackTeam "KJCA Kings"]

1. d4 e6 2. e4 d5 3. e5 c5 4. c3 Qb6 5. Nf3 Nc6 6. Be2 Nh6 7. Bxh6 Qxb2 8. Be3
Qxa1 9. Qc2 cxd4 10. Nxd4 Nxd4 11. Bxd4 Ba3 12. Bb5+ Kd8 13. O-O Qb2 14. Qa4
Kc7 15. Nxa3 b6 16. Rb1 Qd2 17. Be3 Qxc3 18. Rc1 Qxc1+ 19. Bxc1 Bb7 20. Qb4
Rad8 21. Qe7+ Kb8 22. Bd7 Bc8 23. Qd6+ Ka8 24. Bc6+ Bb7 25. Qc7 Bxc6 26. Qxc6+
Kb8 27. Nb5 Rc8 28. Qd6+ Ka8 29. Be3 d4 30. Qd7 {1-0} 1-0

[Event "4NCL Division 2b"]
[Site "Daventry, ENG"]
[Date "2020.02.08"]
[Round "5.68"]
[White "Bansal, Saahil"]
[Black "Roy, Ali"]
[Result "0-1"]
[WhiteElo "1847"]
[BlackElo "1871"]
[PlyCount "96"]
[EventDate "2020.02.08"]
[WhiteTeam "KJCA Kings"]
[BlackTeam "Alba"]

1. d4 d5 2. c4 e6 3. Nc3 Nf6 4. cxd5 exd5 5. Bg5 Be7 6. Qc2 O-O 7. e3 Nbd7 8.
Nf3 c6 9. Bd3 h6 10. Bh4 Re8 11. O-O Ne4 12. Bxe7 Qxe7 13. Bxe4 dxe4 14. Nd2
Nf6 15. Rae1 b6 16. f3 Ba6 17. Rf2 Bd3 18. Qb3 exf3 19. Nxf3 Ne4 20. Nxe4 Bxe4
21. Ne5 Bd5 22. Qc2 f6 23. Nxc6 Qe6 24. Rc1 Rac8 25. Ne7+ Qxe7 26. Qxc8 Rxc8
27. Rxc8+ Kh7 28. Rc3 Qe4 29. Re2 Bxa2 30. b3 b5 31. d5 Bb1 32. d6 Qd5 33. Rc7
Qxd6 34. Rxa7 Qd1+ 35. Kf2 Qxb3 36. Rd7 Bd3 37. Rd2 Bf5 38. R7d5 Be4 39. Rd7 f5
40. g4 b4 41. gxf5 Bxf5 42. e4 Be6 43. R2d3 Qc2+ 44. Rd2 b3 45. Re2 Qc1 46.
Rdd2 Bc4 47. Rb2 Bxe2 48. Rxe2 Qc2 0-1

[Event "4NCL Division 2b"]
[Site "Daventry, ENG"]
[Date "2020.02.08"]
[Round "5.71"]
[White "Stoyanov, Viktor"]
[Black "Tan, Zhongyi"]
[Result "0-1"]
[WhiteElo "2234"]
[BlackElo "2493"]
[PlyCount "82"]
[EventDate "2020.02.08"]
[WhiteTeam "Guildford 3"]
[BlackTeam "Kings Head"]

1. d4 Nf6 2. c4 e6 3. g3 d5 4. Nf3 Bb4+ 5. Nbd2 dxc4 6. Bg2 Nc6 7. O-O c3 8.
Nc4 O-O 9. Qd3 cxb2 10. Bxb2 Be7 11. Rac1 Rb8 12. Rfd1 Qe8 13. Qb1 Bd7 14. e4
Nb4 15. Ne3 Ba4 16. Rd2 Na6 17. Ne5 Bb4 18. Rd3 Nd7 19. Nxd7 Qxd7 20. Nc4 Rfd8
21. a3 Bf8 22. d5 Bb5 23. Rdd1 Bxc4 24. Rxc4 Nc5 25. Qc2 b6 26. Bf3 Qe8 27. e5
exd5 28. Rh4 g6 29. Bxd5 Ne6 30. Rc4 Bc5 31. Bg2 Rxd1+ 32. Qxd1 Rd8 33. Qc1 Qd7
34. Rc2 Qd3 35. Bf1 Qe4 36. Rd2 Rxd2 37. Qxd2 Bd4 38. Bxd4 Nxd4 39. Qf4 Qxe5
40. Qg4 c5 41. Bc4 Qf5 0-1

[Event "4NCL Division 2b"]
[Site "Daventry, ENG"]
[Date "2020.02.08"]
[Round "5.72"]
[White "Kwiatkowski, Feliks J"]
[Black "Kalaiyalahan, Akshaya"]
[Result "1-0"]
[WhiteElo "2216"]
[BlackElo "2222"]
[PlyCount "57"]
[EventDate "2020.02.08"]
[WhiteTeam "Kings Head"]
[BlackTeam "Guildford 3"]

1. e4 c5 2. Nf3 Nc6 3. d4 cxd4 4. Nxd4 g6 5. c4 Bg7 6. Be3 Nf6 7. Nc3 d6 8. Be2
O-O 9. O-O Bd7 10. Qd2 Nxd4 11. Bxd4 Bc6 12. f3 a5 13. b3 Nd7 14. Be3 Nc5 15.
Rab1 Qb6 16. Rfc1 Rfc8 17. Rc2 h5 18. a3 Nxb3 19. Nd5 Bxd5 20. exd5 Bh6 21.
Rxb3 Qxb3 22. Bxh6 Qxa3 23. Be3 a4 24. Bd4 Kh7 25. Ra2 Qb3 26. Rb2 Qa3 27. Rxb7
Re8 28. Qf4 f5 29. Qg5 1-0

[Event "4NCL Division 2b"]
[Site "Daventry, ENG"]
[Date "2020.02.08"]
[Round "5.74"]
[White "Guthrie, David"]
[Black "Price, Gwilym"]
[Result "1/2-1/2"]
[WhiteElo "2151"]
[BlackElo "2110"]
[PlyCount "82"]
[EventDate "2020.02.08"]
[WhiteTeam "Kings Head"]
[BlackTeam "Guildford 3"]

1. d4 Nf6 2. c4 g6 3. Nc3 Bg7 4. e4 d6 5. Be2 O-O 6. Nf3 e5 7. O-O Nc6 8. d5
Ne7 9. Nd2 a5 10. Rb1 Bd7 11. b3 c6 12. a3 Qb8 13. Re1 cxd5 14. cxd5 b5 15. a4
b4 16. Nb5 Bh6 17. Bf1 Ne8 18. Nc4 Bxc1 19. Qxc1 f5 20. f4 fxe4 21. fxe5 Bxb5
22. axb5 Nxd5 23. exd6 Nc3 24. Rb2 Nxd6 25. Nxd6 Qxd6 26. Bc4+ Kg7 27. Rd2 Qc5+
28. Kh1 Ra7 29. Qb2 Re7 30. h3 e3 31. Rd5 Qb6 32. Rg5 Rf2 33. Qxf2 exf2 34.
Rxe7+ Kh6 35. Rge5 Qd4 36. b6 Qxc4 37. bxc4 f1=Q+ 38. Kh2 Qf4+ 39. Kh1 Qf1+ 40.
Kh2 Qf4+ 41. Kh1 Qf1+ 1/2-1/2

[Event "4NCL Division 2b"]
[Site "Daventry, ENG"]
[Date "2020.02.08"]
[Round "5.75"]
[White "Punnett, Alan K"]
[Black "Mackenzie, Colin"]
[Result "1/2-1/2"]
[WhiteElo "2011"]
[BlackElo "2039"]
[PlyCount "26"]
[EventDate "2020.02.08"]
[WhiteTeam "Guildford 3"]
[BlackTeam "Kings Head"]

1. e4 e6 2. d4 d5 3. e5 c5 4. c3 Qb6 5. Nf3 Bd7 6. Bd3 Bb5 7. O-O Bxd3 8. Qxd3
cxd4 9. Nxd4 Nc6 10. Nxc6 bxc6 11. b4 a5 12. Be3 Qc7 13. f4 h6 1/2-1/2

[Event "4NCL Division 2b"]
[Site "Daventry, ENG"]
[Date "2020.02.08"]
[Round "5.76"]
[White "Gilfillan, Andrew"]
[Black "Shepley, Julien M"]
[Result "1/2-1/2"]
[WhiteElo "2002"]
[BlackElo "1914"]
[PlyCount "91"]
[EventDate "2020.02.08"]
[WhiteTeam "Kings Head"]
[BlackTeam "Guildford 3"]

1. d4 d5 2. c4 e6 3. Nc3 c5 4. cxd5 cxd4 5. Qxd4 Nc6 6. Qa4 exd5 7. Nf3 d4 8.
Nb5 Bb4+ 9. Bd2 Bxd2+ 10. Nxd2 Nf6 11. Qa3 Qe7 12. Nd6+ Kf8 13. Rc1 Bd7 14. g3
Rd8 15. Nxb7 Qxa3 16. bxa3 Rb8 17. Nc5 Ke7 18. Nxd7 Kxd7 19. Bh3+ Kd6 20. Nc4+
Ke7 21. O-O Rhd8 22. Nd2 d3 23. Rfe1 Nd4 24. exd3+ Kf8 25. Rb1 Rxb1 26. Rxb1
Ne2+ 27. Kf1 Nc3 28. Rb3 Rxd3 29. Ke1 Nfe4 30. Rb2 Rxd2 31. Rxd2 Nxd2 32. Kxd2
Ne4+ 33. Ke3 Ng5 34. Bg2 Ke7 35. Kd4 Kd6 36. Bd5 Ne6+ 37. Kc4 Nd8 38. f4 f6 39.
a4 Nc6 40. Be4 h6 41. Kb5 Nb8 42. a5 g5 43. fxg5 fxg5 44. Bf3 Ke7 45. Kc4 Na6
46. Kd4 1/2-1/2

[Event "4NCL Division 2b"]
[Site "Daventry, ENG"]
[Date "2020.02.08"]
[Round "5.77"]
[White "Stimpson, Philip M"]
[Black "Xu, Ming Wei"]
[Result "0-1"]
[WhiteElo "1941"]
[BlackElo "2000"]
[PlyCount "64"]
[EventDate "2020.02.08"]
[WhiteTeam "Guildford 3"]
[BlackTeam "Kings Head"]

1. d4 d5 2. Nc3 Nf6 3. Bf4 e6 4. e3 Be7 5. Bd3 a6 6. Nf3 Nbd7 7. Ne5 c5 8. O-O
O-O 9. Nxd7 Bxd7 10. dxc5 Bxc5 11. Bg5 Be7 12. Qf3 h6 13. Bf4 Bc6 14. Qe2 Bd6
15. Bxd6 Qxd6 16. e4 e5 17. exd5 Nxd5 18. Ne4 Qe7 19. g3 f5 20. Nd2 e4 21. Bc4
Kh8 22. Rad1 Nf6 23. Nf3 b5 24. Nd4 Bd7 25. Bb3 Rae8 26. Rfe1 f4 27. gxf4 Ng4
28. h3 Rxf4 29. f3 Ne5 30. fxe4 Qh4 31. Qh2 Bxh3 32. Re3 Rg4+ 0-1